Мениджмънт на ресурсите в динамично променящата се среда на сигурност (Запис номер 419427)
[ съкратено ]
| 000 -Лидер | |
|---|---|
| Контролно поле с фиксирана дължина | nam a22 a 4500 |
| 003 - Код на организацията, давaща контролен номер | |
| Контролно поле | BLK |
| 005 - Дата и час на последна редакция | |
| Контролно поле | 20220121180626.0 |
| 008 - Елементи от данни с фиксирана дължина | |
| fixed length control field | 210611b bu |||||r|||| 00| | bu d |
| 020 ## - Международен стандартен номер на книга ISBN | |
| Международен стандартен номер на книга ISBN | 9789548675871 |
| 040 ## - Източник на каталожния запис | |
| Идентификатор на билиотеката - собственик на записа | BLK |
| 041 ## - Код за език | |
| Код за езика на текст/звукозапис или на отделно заглавие | Български |
| Код за езика КДБФ | Български |
| 080 ## - УДК | |
| Текстов определител УДК | Методи на управление. Мениджмънт. Анализи, планиране, ръководство, сътрудничество, контрол, коопериране и др. |
| УДК код - определител по УДК | 005.5 |
| УДК - код + определител | 005.5 |
| 100 ## - Редна дума - Автор | |
| R(LIN) | 1299 |
| Автор | Димитрова, Севдалина Илиева |
| Авторска отговорност | първи автор |
| 139 ## - Редно поле | |
| Редна дума | Димитрова, Севдалина |
| Авторски знак | Дими - Д 58 |
| 245 ## - Сведения за заглавието | |
| Заглавие | Мениджмънт на ресурсите в динамично променящата се среда на сигурност |
| Редно поле (дума) | Севдалина Димитрова |
| 260 ## - Област на издателските данни | |
| 9 (RLIN) | 220467 |
| Място на издаване, разпространение и проч. | Русе |
| Име на издателя, разпространителя и проч. | Примакс Русе |
| Година на издаване | 2014 |
| 300 ## - Физическа характеристика | |
| Страници | 365 с. |
| Размери/Мащаб | 22 см |
| 380 ## - Жанр | |
| Жанр | Общ отдел |
| 650 #0 - Допълнително описание по предмет – тема | |
| 9 (RLIN) | 245486 |
| Основно описание – тема или топоним | Управление - човешките ресурси |
| 999 ## - СИСТЕМНИ КОНТРОЛНИ НОМЕРА | |
| Koha biblionumber | 419427 |
| Koha biblioitemnumber | 419427 |
| 942 ## - АРТИКУЛИ | |
| Вид на библиотечния материал | Книги |
| Скрит в OPAC | Не |
| Периодичен библиозапис | Да |
| Koha issues (borrowed), all copies | 1 |
| 944 ## - СЪЗДАВАНЕ И РЕДАКЦИЯ на ЗАПИСА | |
| Създаване/Редакция | Създаване |
| Дата на регистрацията/редакция | 2021-06-11 |
| Служител, извършил регистрацията/редакцията | ВР |
| 999 ## - СИСТЕМНИ КОНТРОЛНИ НОМЕРА | |
| Koha biblioitemnumber | 419427 |
| Код за отписване | Код за изгубен артикул | Източник на класификационната схема | Код за повреда | Коз за рестрикции | Код за отдаване | Артикулен № | Име на библиотеката - собственик | Име на библиотеката, в която се намира в момента | Статус (Текущо местоположение) | Дата на вписване в системата | Местоположение - отдел | Цена в лева | Систематично азбучна сигнатура | Баркод | Цена в евро | Служебен тип на артикула |
|---|---|---|---|---|---|---|---|---|---|---|---|---|---|---|---|---|
| Не е изгубен | Universal Decimal Classification | Не е повреден | без рестрикции | заемане за дома | 843083 | Регионална библиотека "Любен Каравелов" Русе | Регионална библиотека "Любен Каравелов" Русе | Заемна - подръчен фонд | 2021-07-15 | Заемна - подръчен фонд | 14.00 | 005.5/Д 58 С | 120000857877 | 7.16 | Книги | |
| Не е изгубен | Universal Decimal Classification | Не е повреден | без рестрикции | заемане за дома | 843084 | Регионална библиотека "Любен Каравелов" Русе | Регионална библиотека "Любен Каравелов" Русе | Заемна - подръчен фонд | 2021-07-15 | Заемна - подръчен фонд | 14.00 | 005.5/Д 58 С | 120000857876 | 7.16 | Книги |